Optical Transmission and Networks for Next Generation Internet Traffic Highways /

Salvato in:
Dettagli Bibliografici
Autori principali: Abbou, Fouad Mohammed (Autore), Choong, Hiew Chee (Autore)
Natura: Libro
Lingua:inglese
Pubblicazione: Hershey PA : Information Science Reference, 2015
Tags: Aggiungi Tag
Nessun Tag, puoi essere il primo ad aggiungerne!!

MARC

LEADER 00000nam a22000003a 4500
001 0010361
003 SK-STU
005 20151216103617.3
007 ta
008 151216s ----xo-----e------000-0-----d
020 |a 978-1-4666-6575-0 
040 |a STU  |b slo 
041 0 |a eng 
044 |a xxu 
080 |a 621.5 
100 1 |a Abbou, Fouad Mohammed  |r Z6  |4 aut 
245 1 0 |a Optical Transmission and Networks for Next Generation Internet Traffic Highways /  |c aut. Fouad Mohammed Abbou, Hiew Chee Choong 
260 |a Hershey PA :  |b Information Science Reference,  |c 2015 
300 |a 353 s. 
700 1 |a Choong, Hiew Chee  |r Z6  |4 aut 
996 |b 284EK89619  |c E* 89619  |l EE37  |s P  |a 0  |w 0010361_0001